000
00265nam a22001097a 4500
020
_a
8185843589
082
_a
294.59218 LOK
100
_a
Lokeswarananda
245
_a
Katha Upanisad
260
_a
Culcutta
_b
Ramakrishna Mission Instituteof Culture
_c
1992
942
_c
BK
999
_c
19628
_d
19628